Structured programming in FORTRAN
Na minha lista:
| Autor principal: | |
|---|---|
| Formato: | Livro |
| Idioma: | inglês |
| Publicado em: |
Englewood Cliffs
Prentice-Hall
1981
|
| Tags: |
Sem tags, seja o primeiro a adicionar uma tag!
|
MARC
| LEADER | 00000nam a2200000 4500 | ||
|---|---|---|---|
| 001 | c127090 | ||
| 005 | 20041019155239.7 | ||
| 041 | 0 | |a eng | |
| 044 | |a US | ||
| 245 | 1 | 0 | |a Structured programming in FORTRAN |c Louis A. Hill |
| 264 | 1 | |a Englewood Cliffs |b Prentice-Hall |c 1981 | |
| 300 | |a 526 s. | ||
| 100 | 1 | |a Hill, Louis A. | |